000 00626nam a22002537a 4500
003 UA-OsUOA
001 23325
007 ta
008 20040119b un ||||| |||| 00| 0 ukr d
100 _aФролов С.С.
090 _a316.35(075.8)
_bФ91
942 _cBK
040 _aUA-OsUOA
_brus
_cUA-OsUOA
_dUA-OsUOA
245 _aСоциология организаций
300 _a384 с.
_bІлюстрації
955 _a0
041 _arus
080 _a316.35(075.8)
020 _a5-8297-0081-6
260 _aМосква
_bГардарики
_c2001
044 _aRU
650 7 _2UDC
999 _c309570
_d309570